000 00536nam a2200181Ia 4500
008 100920s9999 xx 000 0 und d
082 _b94419
_a24 थ 99
100 _aनलगे चंद्रकुमार संपा.
245 _aघर शिवार.
260 _bसाकेत,औरंगाबाद.
_c1999
300 _a267
_bसाधी
365 _b200
520 _aसायो.
630 _aघर शिवार.
650 _aसायो.
730 _aघर शिवार.
942 _cBOOK
999 _c734862
_d734859